صحا فتی زبان / (Record no. 195677)

MARC details
000 -LEADER
fixed length control field 00639nam a22001937a 4500
005 - DATE AND TIME OF LATEST TRANSACTION
control field 20230417155530.0
010 ## - LCCN (DPL NO)
LC control number UR-11933
020 ## - INTERNATIONAL STANDARD BOOK NUMBER
International Standard Book Number 9789380934389
Terms of availability 160.00
035 ## - SYSTEM CONTROL NUMBER
System control number U-10488
037 ## - SOURCE OF ACQUISITION
Source of stock number/acquisition DBAD/PUB
082 ## - DEWEY DECIMAL CLASSIFICATION NUMBER
Classification number 841
100 ## - MAIN ENTRY--PERSONAL NAME
Personal name مسکین علی حجازی
245 ## - TITLE STATEMENT
Title صحا فتی زبان /
Statement of responsibility, etc مسکین علی حجازی
246 ## - VARYING FORM OF TITLE
Title proper/short title Sahafti Zuban /
Remainder of title by Miskeen Ali Hijazi
260 ## - PUBLICATION, DISTRIBUTION, ETC. (IMPRINT)
Place of publication, distribution, etc New Delhi
Name of publisher, distributor, etc M.R. Publications
Date of publication, distribution, etc 2011 ء
270 ## - ADDRESS
Address 10 Metropole Market, 2724-25, First Floor, Kucha Chelan, Darya Ganj
City New Delhi
Postal code 110002
300 ## - PHYSICAL DESCRIPTION
Extent 179 ص
Dimensions 22cm(Hb)
942 ## - ADDED ENTRY ELEMENTS (KOHA)
Source of classification or shelving scheme Dewey Decimal Classification
Item type Urdu Bks
Classification part 841
Call number suffix م س ک
Holdings
Withdrawn status Lost status Not for loan Collection code Home library Current library Date acquired Source of acquisition Cost, normal purchase price Full call number Barcode Copy number Cost, replacement price Koha item type
      Non-fiction Sarojini Nagar Sarojini Nagar 17/04/2023 DBAD/PUB 300.00 841 م س ک U-10488 1 300.00 Urdu Bks

© Delhi Public Library
Hit Counter
free hit counter